Statistics for Run - Taylor Swift ft. Ed Sheeran (All Lyrics)

Click here to take the quiz!

General Stats

  • This quiz has been taken 54 times
  • The average score is 245 of 311

Answer Stats

Answer% Correct
run
100%
I
97%
a
94%
all
94%
go
94%
it
94%
the
94%
you"
94%
you
94%
from
90%
let
90%
like
90%
Like
90%
me
90%
we
90%
And
87%
and
87%
be
87%
can
87%
is
87%
let's
87%
on
87%
take
87%
to
87%
where
87%
darling
84%
Give
84%
give
84%
I'll
84%
"I'll
84%
in
84%
no
84%
One
84%
one
84%
your
84%
else
81%
eyes
81%
key
81%
law
81%
my
81%
So
81%
so
81%
this
81%
us
81%
you'd
81%
don't
77%
say
77%
they
77%
chain
74%
I'd
74%
keys
74%
know
74%
our
74%
picture
74%
reason
74%
There's
74%
there's
74%
away
71%
drive
71%
for
71%
shouldn't
71%
three
71%
town
71%
two
71%
around
68%
car
68%
four
68%
frame
68%
friends
68%
of
68%
so-called
68%
bring
65%
paper
65%
pocket
65%
tell
65%
wait
65%
with
65%
before
61%
heart
61%
locket
61%
round
61%
see
61%
throat
61%
when
61%
back
58%
blue
58%
keep
58%
pale
58%
piece
58%
sky
58%
view
58%
wrote
58%
child
55%
could
55%
gave
55%
hold
55%
hundred
55%
laugh
55%
note
55%
reflected
55%
you'll
55%
cares
52%
leave
52%
never
52%
times
52%
apart
48%
been
48%
chase
48%
dark
48%
onto
48%
oo-oo-oo
48%
since
48%
sing
48%
tear
48%
we'll
48%
while
48%
shot
45%
trying
45%
was
45%
hole
42%
sleeve
42%
they're
39%
thing
39%
'em
35%

Score Distribution

Percentile by Number Answered

Percent of People with Each Score

Your Score History

You have not taken this quiz